| 000 -LEADER |
| fixed length control field |
01263pab a2200157 454500 |
| 008 - FIXED-LENGTH DATA ELEMENTS--GENERAL INFORMATION |
| fixed length control field |
180718b2005 xxu||||| |||| 00| 0 eng d |
| 100 ## - MAIN ENTRY--PERSONAL NAME |
| Personal name |
Provan, Keith G. |
| 245 ## - TITLE STATEMENT |
| Title |
The use of network analysis to strengthen community partnerships |
| 260 ## - PUBLICATION, DISTRIBUTION, ETC. |
| Date of publication, distribution, etc. |
2005 |
| 300 ## - PHYSICAL DESCRIPTION |
| Extent |
p.603-13. |
| 362 ## - DATES OF PUBLICATION AND/OR SEQUENTIAL DESIGNATION |
| Dates of publication and/or sequential designation |
Sep-Oct |
| 520 ## - SUMMARY, ETC. |
| Summary, etc. |
Community partnerships or networks of collaborating public and nonprofit organizations are an important way of addressing a wide range of problems and needs that communities face. In the academic literature, network analysis has been used to analyze and understand the structure of the relationships that make up multiorganizational partnerships. But this tool is not well-known outside the small group of researchers who study networks, and it is seldom used as a method of assisting communities. This article briefly discusses network analysis and how community leaders can use the results generated by this tool to strengthen relationships among public and nonprofit organizations, thereby building the community's capacity to address critical needs in areas such as health, human services, social problems, and economic development. -Reproduced. |
| 650 ## - SUBJECT ADDED ENTRY--TOPICAL TERM |
| Topical term or geographic name entry element |
Community development |
| 773 ## - HOST ITEM ENTRY |
| Main entry heading |
Public Administration Review |
| 909 ## - |
| -- |
67756 |